LEADER 04412nam 2200673Ia 450 001 9910452486703321 005 20211005104211.0 010 $a1-4081-8221-1 010 $a1-4081-2709-1 035 $a(CKB)2550000001039703 035 $a(EBL)1694077 035 $a(OCoLC)880826999 035 $a(SSID)ssj0000942392 035 $a(PQKBManifestationID)11505353 035 $a(PQKBTitleCode)TC0000942392 035 $a(PQKBWorkID)10973149 035 $a(PQKB)10548970 035 $a(MiAaPQ)EBC1694077 035 $a(Au-PeEL)EBL1694077 035 $a(CaPaEBR)ebr10686001 035 $a(CaONFJC)MIL604123 035 $a(MiAaPQ)EBC3003300 035 $a(MiAaPQ)EBC6163211 035 $a(Au-PeEL)EBL3003300 035 $a(OCoLC)928191893 035 $a(EXLCZ)992550000001039703 100 $a20130114d2012 uy 0 101 0 $aeng 135 $aur|n|---||||| 181 $ctxt 182 $cc 183 $acr 200 10$aPractical junk rig$b[electronic resource] $edesign, aerodynamics and handling /$fH.G. Hasler, J.K. McLeod 210 $a[London] $cAdlard Coles Nautical$d[2012] 215 $a1 online resource (256 p.) 300 $aDescription based upon print version of record. 311 $a0-7136-6975-6 320 $aIncludes bibliographic references and index. 327 $aCover; Content; Foreword; Preface to the Hardback Edition; Preface to the Paperback Edition; PART I: THE CHINESE RIG; Introduction; 1 The Rig; The mast; Battens; The sail; Aerodynamics and the junk rig; 2 The Geometry of the Sail; Sail analysis; Basic sail shapes; Recommended sail form; 3 The Rigging of the Sail; Halyards; Yard hauling parrel; Mast line; Mast rake; Control of the boom; Sailcloth creasing; Batten downhauls; Yard downhaul; Topping-lifts; 4 The Sheets; Sheet power and sheet spans; Reefing and furling; Six-point sheeting system; Positioning lower sheet blocks 327 $a5 Ghosters and Lightning ConductorsGhosters; Lightning Conductors; PART II: DESIGNING A RIG; Introduction; 6 Designing the Sailplan (1); Position of the sailplan; The sailplan; Drawing the sail; Summary: drawing a standard Chinese sail; 7 Designing the Sailplan (2); Positioning a single-sailed rig; Positioning a multi-sailed rig; Unacceptable mast positions; Unacceptable sheet positions; Suggested solutions; Positioning the lower sheet blocks; Summary: designing a sailplan (2); 8 Masts; Timber masts; Species of timber; Hollow timber masts; Gluing; Preservation of a timber mast 327 $aCable fasteningDesigning and drawing a hollow mast; Designing a hollow staved timber mast; Designing a grown mast; Mast fittings; Masts of other materials; 9 Partners and Mast Step; The partners; The mast step; Tabernacles; 10 Yards, Battens, and Boom; The yard; The battens; The boom; 11 The Sail; The scale outline; Detail drawing and specification; 12 The Rigging; The halyard; The Sheets; Topping-lifts; Mast lift; Parrels; Tackline; Lacings; Optional rigging items; 13 Cockpit and Deck Layout; Boom gallows; Lower sheet blocks; Rope leads; Cleats, hitches, and jammers; Stowage of spare rope 327 $aIntegrated deck layoutsPART III: USING THE RIG; 14 Setting up the Rig; General points; Stepping and unstepping the mast; Dressing the mast; Rigging the sail; 15 Handling the Rig; Sail-handling; Maintenance; Repairs and emergency procedures; Correction of excessive lee/weather helm; 16 Specimen Chinese-Rigged Vessels; Jester (1960); Redlapper (1962); Galway Blazer II (1968); Ro?n Glas (1970); Yeong (1972); Sumner (1972); Design SSF/1 (1973); Hum (1974); Batwing (1974); Pilmer (1975); APPENDICES; A: Imperial/metric equivalents; B: Inches as decimals of a foot; C: Update to Practical Junk Rig 327 $aBibliographyIndex; A; B; C; D; E; F; G; H; J; K; L; M; N; P; S; T; V; W; Y 330 $aThis encyclopaedic volume examines the design and aerodynamic theory behind junk rigs and discusses how best to sail them. 606 $aMasts and rigging 606 $aJunks 608 $aElectronic books. 615 0$aMasts and rigging. 615 0$aJunks. 676 $a623.862 700 $aHasler$b Herbert George$f1914-1987.$01041942 701 $aMcLeod$b Jock$01041943 801 0$bMiAaPQ 801 1$bMiAaPQ 801 2$bMiAaPQ 906 $aBOOK 912 $a9910452486703321 996 $aPractical junk rig$92465744 997 $aUNINA LEADER 06192 am 2201249 n 450 001 9910342655003321 005 20190612 010 $a2-7535-6686-0 024 7 $a10.4000/books.pur.124812 035 $a(CKB)4100000009526218 035 $a(FrMaCLE)OB-pur-124812 035 $a(oapen)https://directory.doabooks.org/handle/20.500.12854/46995 035 $a(PPN)267959699 035 $a(EXLCZ)994100000009526218 100 $a20191010j|||||||| ||| 0 101 0 $afre 135 $auu||||||m|||| 181 $ctxt$2rdacontent 182 $cc$2rdamedia 183 $acr$2rdacarrier 200 10$aÊtre dreyfusard hier et aujourd?hui /$fGilles Manceron, Emmanuel Naquet 210 $aRennes $cPresses universitaires de Rennes$d2019 215 $a1 online resource (552 p.) 311 $a2-7535-0947-6 330 $aLa particularité de ce livre, parmi tous les travaux parus à l?occasion du centenaire de l?affaire Dreyfus, est de lier les nouveaux regards sur cet épisode fondamental de notre histoire à la réflexion sur un certain nombre de débats actuels, notamment sur la question de l?approche universaliste ou communautaire de la lutte contre l?antisémitisme. En se plaçant sous l?égide de Pierre Vidal-Naquet, qui s?est défini lui-même comme, inséparablement, historien et citoyen engagé, cet ouvrage s?efforce d?ajouter à l?analyse proprement historique celle du sens qu?a pris, depuis l?Affaire et jusqu?à aujourd?hui, la notion d?engagement dreyfusard. À partir des travaux du colloque international organisé, en association avec plusieurs institutions et sociétés savantes, par la Ligue des droits de l?Homme les 8 et 9 décembre 2006, à l?École militaire, sur les lieux mêmes où s?était déroulée, un siècle plus tôt, après la dégradation du capitaine, la cérémonie réparatrice de juillet 1906, les directeurs de cet ouvrage ont introduit d?importants compléments qui en dégagent les problématiques et les principaux points en débat. Aux études des quarante-cinq historiens réunis ici, dont Serge Berstein, Patrick Cabanel, Vincent Duclert, Michel Dreyfus, Rémi Fabre, Robert Frank et Jérôme Grévy, s?ajoutent des contributions d?autres personnalités connues pour leur implication dans les questions relatives à la Justice, tels Lucie Aubrac, Robert Badinter, Jean-Jacques de Félice, Jean-Pierre Dubois, Nicole Dreyfus, Stéphane Hessel, Henri Leclerc, Michel Tubiana, ainsi que l?ancien premier président de la Cour de cassation, Guy Canivet, et l?avocat général à sa chambre criminelle, Didier Boccon-Gibod. Les échanges rassemblés dans ce livre prennent aussi une dimension internationale, avec les apports de Michel Abitbol, Cylvie Claveau, Simon Epstein et Norman Ingram. Au-delà du public intéressé par l?histoire de l?affaire Dreyfus et la place fondatrice qu?elle occupe dans notre modernité? 606 $aHistory 606 $aantisémitisme 606 $aaffaire Dreyfus 606 $adreyfusard 606 $aRésistance 606 $adroits de l?homme 610 $aantisémitisme 610 $adroits de l?homme 610 $adreyfusard 610 $aaffaire Dreyfus 610 $aRésistance 615 4$aHistory 615 4$aantisémitisme 615 4$aaffaire Dreyfus 615 4$adreyfusard 615 4$aRésistance 615 4$adroits de l?homme 700 $aAbitbol$b Michel$0242672 701 $aAgrikoliansky$b Éric$01291116 701 $aAnizan$b Anne-Laure$01291117 701 $aAubrac$b Lucie$01291118 701 $aBach$b André$01291119 701 $aBancquart$b Marie-Claire$0389975 701 $aBerstein$b Serge$0212981 701 $aBlum$b Françoise$0529182 701 $aBoccon-Gibod$b Didier$01291120 701 $aBoeglin$b Édouard$01291121 701 $aBourrelier$b Paul-Henri$0608853 701 $aCabanel$b Patrick$0315094 701 $aCandar$b Gilles$0916675 701 $aCanivet$b Guy$0501849 701 $aCazals$b Rémy$0376073 701 $aClaveau$b Cylvie$01291122 701 $aCosnier$b Colette$01291123 701 $aDreyfus$b Michel$0249391 701 $aDreyfus$b Nicole$01291124 701 $aDreyfus-Armand$b Geneviève$01284939 701 $aDrouin$b Michel$01291125 701 $aDubois$b Jean-Pierre$0568146 701 $aDuchêne$b Hervé$0186305 701 $aDuclert$b Vincent$0606383 701 $aDufour$b Frédérique$01291126 701 $aEpstein$b Simon$01291127 701 $aFabre$b Rémi$01291128 701 $aFavreau$b Bertrand$01291129 701 $aFélice$b Jean-Jacques de$01291130 701 $aFhima$b Catherine$01291131 701 $aGacon$b Stéphane$01291132 701 $aGrévy$b Jérôme$01288131 701 $aHélard$b André$01291133 701 $aHerrera$b Carlos Miguel$01288757 701 $aHessel$b Stéphane$0478487 701 $aHistorien$01291134 701 $aIngram$b Norman$01291135 701 $aLalouette$b Jacqueline$01286147 701 $aLeclerc$b Henri$01291136 701 $al?Homme$b vice-président de la Ligue des droits de$01291137 701 $aManceron$b Gilles$0325002 701 $aMartin$b Jean-Paul$0342540 701 $aMayeur$b Jean-Marie$0156357 701 $aMichel$b Pierre$0369105 701 $aMollier$b Jean-Yves$0606384 701 $aMonchablon$b Alain$01291138 701 $aNaquet$b Emmanuel$0325003 701 $aOriol$b Philippe$0283450 701 $aPagès$b Alain$0386924 701 $aParis$0370750 701 $aPénin$b Marc$01284791 701 $aSavy$b Nicole$0454325 701 $aSimon-Nahum$b Perrine$01281531 701 $aStora$b Benjamin$0244710 701 $aTartakowsky$b Danielle$01239425 701 $aThomas$b Marcel$0401054 701 $aTomei$b Samuël$01291139 701 $aTubiana$b Michel$01291140 701 $aManceron$b Gilles$0325002 701 $aNaquet$b Emmanuel$0325003 801 0$bFR-FrMaCLE 906 $aBOOK 912 $a9910342655003321 996 $aÊtre dreyfusard hier et aujourd?hui$93021787 997 $aUNINA